Identidad Transnacional, Diáspora / s y Nación: Una Reflexión a partir del Estudio de la Migración Uruguaya en España /
Enregistré dans:
| Auteur principal: | |
|---|---|
| Format: | Texte |
| Langue: | Spanish |
| Publié: |
Buenos Aires:
CLACSO
|
| Sujets: | |
| Tags: |
Ajouter un tag
Pas de tags, Soyez le premier à ajouter un tag!
|
MARC
| LEADER | 00000 a a2200000 04500 | ||
|---|---|---|---|
| 001 | 35914 | ||
| 003 | cru CIDCACS/IIS | ||
| 005 | 20200925160625.0 | ||
| 008 | 171027b xxu||||| |||| 00| 0 spa d | ||
| 999 | |c 16114 |d 16114 | ||
| 020 | |a 978-987-1183-66-1 | ||
| 040 | |c CRAI/IIS |a CRAI/IIS | ||
| 090 | |a 05.03.04 M433c | ||
| 100 | 1 | |a Morales Mena, Natalia |9 5775 | |
| 245 | |a Identidad Transnacional, Diáspora / s y Nación: |c Natalia Morales Mena |b Una Reflexión a partir del Estudio de la Migración Uruguaya en España / | ||
| 260 | |a Buenos Aires: |b CLACSO | ||
| 300 | |a Páginas 181-198 | ||
| 650 | |a MIGRACION | ||
| 650 | |a NACION | ||
| 650 | |a GLOBALIZACION | ||
| 942 | |2 ddc |c LI | ||
| 773 | 0 | |0 8618 |9 1436 |a Mato, Daniel |d Buenos Aires: CLACSO |o 03219 |t Cultura y transformaciones sociales en tiempos de globalización: |w (cru CIDCACS/IIS)35684 |z 978-987-1183-66-1 | |



